| 000 | 004340000a22001690004500 | ||
|---|---|---|---|
| 003 | MACL | ||
| 005 | 20160107114902.0 | ||
| 008 | 160107b xxu||||| |||| 00| 0 eng d | ||
| 040 |
_aMACL _cMACL |
||
| 041 | _aEnglish | ||
| 082 | _a900/TRU | ||
| 100 |
_aTruman, Harry S _929131 |
||
| 245 | _aYears of Trial and Hope 1946-1953 | ||
| 260 |
_bHodder and Stoughton _c1956 _aBritain |
||
| 650 |
_aHistory _929132 |
||
| 942 |
_cBK _k900/TRU _2ddc |
||
| 999 |
_c34750 _d34750 |
||